000 00486nam a2200157 4500
999 _c6730
_d6730
008 170426b xxu||||| |||| 00| 0 eng d
022 _a0119-9000
082 _aDPer 641.505 C77 Jan-June 2013 v.13-14
100 _920378
_aAbrogar, Nel.
245 _aPancitology/
_cNel Abrogar.
260 _aPhilippines:
_bUBM Medica,
_c©Jan-June 2013.
300 _av13 n11, pages 26-27:
_billustrations;
_c29 cm.
500 _aCook.
650 0 _920379
_aCooking
_xPasta
942 _2ddc
_cPER